Statistics for 10 Largest Organs In The Human Body

Click here to take the quiz!

General Stats

  • This quiz has been taken 158 times
  • The average score is 7 of 10

Answer Stats

Weight (Grams)Organ% Correct
300Heart
97%
1,500Brain
96%
1,560Liver
95%
1,300Lungs
92%
4,535Skin
88%
260Kidney
85%
70Pancreas
66%
175Spleen
62%
20Thyroid
15%
11Prostate
14%

Score Distribution

Percentile by Number Answered

Percent of People with Each Score

Your Score History

You have not taken this quiz